00735nam a22001697a 4500003000900000008004100009040007100050082001900121100002200140245003900162260005000201300002800251505022700279650002300506650001300529650002300542AR-CdUCM190313b ||||| |||| 00| 0 spa d aMUNICIPALIDAD PROVINCIAL DEL CUSCOcBIBLIOTECA MUNICIPAL DEL CUSCO a869.56 /bC55C aCisneros, Antonio aComo higuera en un campo de golf / aLima :bInstituto Nacional de Cultura,c1972. a146 páginas ;c18 cm. aContenido: Arte poética I -- La casa de punta negra (ese imperio) -- Un soneto donde digo que mi hijo esta muy lejos hace mas de un año -- Dos postales -- Anexo a "cuando el diablo me rondaba anunciando tus rigores"... aPoesías peruanas aSiglo XX aCasa de la cultura